000 00403nam a2200133Ia 4500
008 151021s9999 xx 000 0 und d
245 _a_How does earth work?
260 _aUSA Pearson Education, Inc. 2006
300 _axxxi, 641p. : ills.
500 _aincludes glossary
650 _a_Physical geology and the process of science
700 _a_Aurora Pun
980 _a^d20110113 03:18:37^okilerai
999 _c5817
_d5817